| LEADER | 00583nam a2200181 4500 | ||
|---|---|---|---|
| 082 | |a 891.4 |b M100H | ||
| 100 | |a | ||
| 242 | |a | ||
| 245 | |a Mahabharata |c Cao Huy Đỉnh,Phạm Thúy Ba dịch |b Sử thi Ấn Độ | ||
| 260 | |a H. |b Khoa học xã hội |c 1979 | ||
| 300 | |a 494 tr. |c 21 cm. | ||
| 520 | |a v.v... | ||
| 653 | |a Văn học | ||
| 653 | |a Ấn Độ | ||
| 653 | |a Sử thi | ||
| 942 | |2 ddc |c SH | ||
| 999 | |c 3356 |d 3356 | ||
| 952 | |0 0 |1 0 |2 ddc |4 0 |6 891_400000000000000_M100H |7 0 |8 800 |9 36044 |a qbu |b qbu |c D5 |d 2014-12-16 |g 34000 |l 1 |o 891.4 M100H |p 579.c1 |r 2017-09-08 |s 2017-08-29 |w 2014-12-16 |y SH | ||